书目信息 |
| 题名: |
电子商务
|
|
| 作者: | 劳顿 , 特拉弗 著 ;褚晓菲 , 张渤雯 译 | |
| 分册: | ||
| 出版信息: | 北京 清华大学出版社 2015 |
|
| 页数: | 358页 | |
| 开本: | 26cm | |
| 丛书名: | ||
| 单 册: | ||
| 中图分类: | F713.36 | |
| 科图分类: | ||
| 主题词: | 电子商务 | |
| 电子资源: | ||
| ISBN: | 978-7-302-39258-3 | |
| 000 | 01050nam0 2200265 450 | |
| 001 | 1226 | |
| 005 | 20180927155831.89 | |
| 010 | @a978-7-302-39258-3@dCNY49.00 | |
| 100 | @a20150601d2015 em y0chiy50 ea | |
| 101 | 1 | @achi@ceng |
| 102 | @aCN@b110000 | |
| 105 | @aa z 000yy | |
| 200 | 1 | @a电子商务@9dian zi shang wu@dE-commerce essentials@f(美)肯尼思·C. 劳顿(Kenneth C. Laudon),(美)卡罗尔·圭尔乔·特拉弗(Carol Guercio Traver)著@g褚晓菲,张渤雯等译@zeng |
| 210 | @a北京@c清华大学出版社@d2015 | |
| 215 | @a358页@c图@d26cm | |
| 330 | @a本书共四个部分,分别论述了电子商务的概念和发展过程、电子商务的技术基础和体系结构、电子商务发展的商业概念和社会法律问题,以及电子商务的实践。 | |
| 510 | 1 | @aE-commerce essentials@zeng |
| 606 | 0 | @a电子商务 |
| 690 | @aF713.36@v5 | |
| 701 | 0 | @c(美)@a劳顿@9lao dun@c(Laudon, Kenneth C.)@4著 |
| 701 | 0 | @c(美)@a特拉弗@9te la fu@c(Traver, Carol Guercio)@4著 |
| 702 | 0 | @a褚晓菲@9chu xiao fei@4译 |
| 702 | 0 | @a张渤雯@9zhang bo wen@4译 |
| 801 | 0 | @aCN@b91MARC@c20150601 |
| 905 | @aMuseLib@dF713.36@e1078 | |
| 电子商务=E-commerce essentials/(美)肯尼思·C. 劳顿(Kenneth C. Laudon),(美)卡罗尔·圭尔乔·特拉弗(Carol Guercio Traver)著/褚晓菲,张渤雯等译.-北京:清华大学出版社,2015 |
| 358页:图;26cm |
| ISBN 978-7-302-39258-3:CNY49.00 |
| 本书共四个部分,分别论述了电子商务的概念和发展过程、电子商务的技术基础和体系结构、电子商务发展的商业概念和社会法律问题,以及电子商务的实践。 |
| ● |
| 相关链接 |
|
|
|
|
正题名:电子商务
索取号:F713.36/1078
 
预约/预借
| 序号 | 登录号 | 条形码 | 馆藏地/架位号 | 状态 | 备注 |
| 1 | 1121784 | 211217841 | 第一样本阅览室/ [索取号:F713.36/1078] | 在馆 | |
| 2 | 1121785 | 211217850 | 第一借阅区/ [索取号:F713.36/1078] | 在馆 | |
| 3 | 1121786 | 211217869 | 第一借阅区/ [索取号:F713.36/1078] | 在馆 | |
| 4 | 1121787 | 211217878 | 第一借阅区/ [索取号:F713.36/1078] | 在馆 | |
| 5 | 1121788 | 211217887 | 第一借阅区/ [索取号:F713.36/1078] | 在馆 |